Ciencia en español - Statistics

General Stats
  • This quiz has been taken 21 times
    15 since last reset
  • The average score is 24 of 46
Answer Stats
English Español % Correct
To Experiment Experimentar
100%
Scientist (scientific) el científico
80%
Laboratory el laboratorio
80%
Science la ciencia
80%
To Observe Observar
80%
To Test/Prove Probar
80%
Water el agua
60%
Atom el átomo
60%
Fire el fuego
60%
Gene el gen
60%
Result el resultado
60%
Conclusion la conclusión
60%
Energy la energía
60%
Evolution la evolución
60%
Genetics (Fem, Singular) la genética
60%
Gravity la gravedad
60%
Mass la masa
60%
Matter la materia
60%
Earth la tierra
60%
Data los datos
60%
Elements los elementos
60%
Oxygen (O) Vital for respiration Oxígeno
60%
Carbon (C) Key to organic life Carbono
40%
DNA el ADN
40%
Air el aire
40%
Microscope el microscopio
40%
Organism el organismo
40%
Helium Helio
40%
Hydrogen (H) Essential for forming water Hidrógeno
40%
Iron (Fe) Hierro
40%
To Research (Investigate) Investigar
40%
Bacteria la bacteria
40%
Biology la biología
40%
Cell la célula
40%
Physics la física
40%
Molecule la molécula
40%
Particle la partícula
40%
Chemistry la química
40%
Chemical Reaction la reacción química
40%
Species las especies
40%
Theory la teoría
40%
Nitrogen (N) Primary component of the atmosphere Nitrógeno
40%
Gold (Au) Oro
40%
Silver (Ag) Plata
40%
Copper (Cu) Cobre
20%
Magnet el imán
20%
No matching quizzes found
Score Distribution
Percent of People with Each Score
Percentile by Number Answered
Your Score History
You have not taken this quiz since the last reset